Nové výzvy pro územní plánování : Sborník z konference AUÚP ČR, Lanškroun 28.-29. dubna 2022 /

Na minha lista:
Detalhes bibliográficos
Outros Autores: Blatová, Tamara (Editor)
Formato: Livro
Idioma:tcheco
Publicado em: Brno : Ústav územního rozvoje, 2022
Praha : Ministerstvom pro místní rozvoj ČR, 2022
Praha : Asociace pro urbanismus a územní plánování ČR, 2022
Edição:1. vydanie
Assuntos:
Tags: Adicionar Tag
Sem tags, seja o primeiro a adicionar uma tag!

MARC

LEADER 00000nam a22000003a 4500
001 0115699
003 SK-STU
005 20250602154156.7
007 ta
008 250602s ----xo-----e------000-0-----d
020 |a 978-80-7663-030-7 
040 |a STU  |b slo 
041 0 |a cze 
044 |a xr 
100 1 |a Blatová, Tamara  |4 edt 
245 1 0 |a Nové výzvy pro územní plánování :  |b Sborník z konference AUÚP ČR, Lanškroun 28.-29. dubna 2022 /  |c ed. Tamara Blatová 
246 3 1 |b Mimořádná příloha časopisu Urbanismus a územní rozvoj č. 3/2022 
250 |a 1. vydanie 
260 |a Brno :  |b Ústav územního rozvoje,  |c 2022 
260 |a Praha :  |b Ministerstvom pro místní rozvoj ČR,  |c 2022 
260 |a Praha :  |b Asociace pro urbanismus a územní plánování ČR,  |c 2022 
300 |a 55 s. 
650 0 7 |a urbanizmus a územné plánovanie 
650 0 7 |a Pardubický kraj 
650 0 7 |a mestský rozvoj 
650 0 7 |a digitálna transformácia 
650 0 7 |a digitálna infraštruktúra 
650 0 7 |a zelená infraštruktúra 
650 0 7 |a územný plán 
650 0 7 |a Pardubice 
650 0 7 |a Liberec 
650 0 7 |a komunálna energetika 
996 |b 284AU10399  |c A* 13602/U  |l AAKNAR  |s A  |a 24  |w 0115699_0001